| 000 | 00518nam a2200169Ia 4500 | ||
|---|---|---|---|
| 003 | OSt | ||
| 005 | 20260125121223.0 | ||
| 008 | 241202s9999 xx 000 0 und d | ||
| 040 | _c0 | ||
| 100 | _aKhanna, Sahil Raj | ||
| 245 | 0 |
_aClimate change induced migration : _bcritical reflections for policy making / _cSahil Raj Khanna |
|
| 260 |
_aBangalore : _bNLSIU, _c2023. |
||
| 300 | _a49p | ||
| 700 | _aProf. Gayathri Naik - Supervisor | ||
| 856 | _uhttps://dans.nls.ac.in/handle/123456789/2159 | ||
| 942 |
_cDIS _2ddc |
||
| 999 |
_c213210 _d213210 |
||